| 000 | 01387nam a22003377i 4500 | ||
|---|---|---|---|
| 003 | EG-ScBUE | ||
| 005 | 20221127113741.0 | ||
| 008 | 220731s2003 ua f bd 000 0 ara d | ||
| 017 | _a2003 / 13354 | ||
| 020 | _a9770186821 | ||
| 040 |
_aEG-ScBUE _bara _erda _cEG-ScBUE _dEG-ScBUE |
||
| 043 | _ae------ | ||
| 082 | 0 | 4 |
_222 _a332.45094 _bس ي س |
| 100 | 1 |
_aسيسي، صلاح الدين حسن، _eمؤلف. |
|
| 245 | 1 | 2 |
_aالاتحاد الأوروبي والعملة الأوروبية الموحدة (اليورو) : _bالسوق العربية المشتركة : الواقع والطموح / _cصلاح الدين حسن السيسي. |
| 250 | _aطبعة خاصة. | ||
| 264 | 1 |
_aالقاهرة : _bعالم الكتب، _c2003. |
|
| 300 |
_a131 صفحة ؛ _c24 سم. |
||
| 336 |
_2rdacontent _aنص _btxt |
||
| 337 |
_2rdamedia _aبدون وسيط _bn |
||
| 338 |
_2rdacarrier _aمجلد _bnc |
||
| 490 | 0 |
_aمكتبة الأسرة. _aقضايا اقتصادية |
|
| 500 | _aيشتمل على معجم مصطلحات. | ||
| 504 | _aيشتمل على إرجاعات ببليوجرافية. | ||
| 541 | _aBook from store. | ||
| 650 | 7 |
_aالنقود _zدول الاتحاد الأوروبي. _2BUEsh |
|
| 651 | 7 |
_aأوروبا _xتكامل اقتصادي. _2BUEsh |
|
| 653 |
_bBUSECO _cNovember2022 |
||
| 655 | _vReading book | ||
| 942 | _2ddc | ||
| 999 |
_c30044 _d30015 |
||